Word Chain - World Cities #2 - Statistics

General Stats
  • This quiz has been taken 151 times
  • The average score is 18 of 33
Answer Stats
Hint Answer % Correct
Most populous city in Scotland Glasgow
89%
Most populous US city New York
89%
Napoleon was defeated here Waterloo
89%
Got It's former name from Constantine Istanbul
84%
Third most populous Japanese city Osaka
84%
European capital has it's country's name Luxembourg
80%
Emirati Capital Abu Dhabi
77%
Second largest city of France Lyon
73%
Indian city with one of the 7 World Wonders Agra
68%
Northernmost African capital Tunis
65%
Bob Marley Museum location Kingston
61%
Allies held the trials of Nazis here Nuremberg
59%
Third most populous city in the world Shanghai
57%
Asian capital has same name as its country's Singapore
55%
Casablanca's neighbour Rabat
53%
Australian city named after a queen Adelaide
52%
The Great Fire of 1871 happened here Chicago
52%
Japanese city has a US president's name Obama
50%
First capital of Italy Turin
48%
European headquarters of the UN Geneva
47%
Largest US city in the Canadian border Detroit
43%
Austrian winter sports destination Innsbruck
43%
Chinese capital during Ming dynasty Nanjing
43%
Former French colony in the Sahara desert Algiers
38%
Diamond capital of the world Antwerp
37%
Third highest capital in Asia Kabul
36%
Most populous state capital in the US Phoenix
35%
Capital of country which has its map in the flag Nicosia
34%
Both India and Pakistan has a city in this name Hyderabad
32%
Dutch technology hub Eindhoven
30%
Greyfriars Kirkyard location Edinburgh
27%
Chinese city formerly known as Amoy Xiamen
20%
Nice of the Pacific Napier
2%
No matching quizzes found
Score Distribution
Percent of People with Each Score
Percentile by Number Answered
Your Score History
You have not taken this quiz